| 000 | 00696nam a2200205 a 4500 | ||
|---|---|---|---|
| 001 | 000011845 | ||
| 005 | 20240412074228.0 | ||
| 008 | 091028s1991 dr a 001 j spa d | ||
| 040 |
_aDO-SdBNP _bspa _cBNPHU |
||
| 082 |
_aRD863.44 _bC639s |
||
| 100 | 1 |
_aClimé, Danilo P. _91063 |
|
| 245 | 1 | 0 |
_aSobre la autocomplacencia y desconcierto cotidiano / _cDanilo P. Clime. |
| 260 |
_aSanto Domingo : _bTaller, _c1991. |
||
| 300 |
_a91 p. : _bil. ; _c23 cm. |
||
| 500 | _aIncluye referencias bibliográficas y notas al pie de las páginas | ||
| 590 | _aInventariado, 2020/LP | ||
| 650 | 0 |
_aCuentos dominicanos _9176 |
|
| 650 | 0 |
_aLiteratura dominicana. _967 |
|
| 910 | _aValidado. Control de calidad EMS | ||
| 999 |
_c11519 _d11519 |
||